Analytický pohľad na celebrity marketing realizovaný prostredníctvom virtuálnych sociálnych sietí

Saved in:
Bibliographic Details
Main Author: Pollák, František, 1985-
Format: Book Chapter
Language:Slovak
Tags: Add Tag
No Tags, Be the first to tag this record!

MARC

LEADER 00000nla a2200000 4500
001 0230447
005 20240502073801.0
041 0 |a slo 
044 |a SK 
245 1 0 |a Analytický pohľad na celebrity marketing realizovaný prostredníctvom virtuálnych sociálnych sietí  |c František Pollák 
100 1 |a Pollák, František, 1985-